01037nam a22002777a 4500003000500000005001700005008004100022010001000063011001000073035001100083040000900094100003400103245016200137260004000299300003600339502011800375530003600493650002400529650003000553650002600583650001400609650001600623650003400639650002200673856006400695CHAP20220329143451.0091118s2009 mx r 00010 spa d a97091 a98063 a108740 cCHAP1 aGonzález Castillo, Ramón.10aPoblaciones de cardón (Pachycereus pringlei) expuestas a ganaderia extensiva en el municipio de Ensenada, Baja Californiac/por Ramón Gonzáles Castillo aChapingo, Méx. :bEl autor,c2009 avii, 30 h. :bcuadros, gráfs. aTesis (Ing. Agr. Esp. en Zootecnia) -- UACH. Departamento de Enseñanza, Investigación y Servicio en Zootecnia aTambién disponible en línea14aAlimentosxAgua en.14aCactáceas como forraje.14aCambios climáticos.14aCardón.14aEcosistema.14aGanaderíaxBaja California.14aGanadoxPastoreo. 3Finding aiduhttp://10.13.5.2/tesis/108740.pdfzTeclea aqui